01085nam a2200193Ia 4500001001000000003001000010008004100020040002500061041001300086100002900099245004800128250001100176260008400187300002800271500022200299501011400521520022200635650003400857L226-5268IT-CnALBA170116s9999||||xx |||||||||||||| ||und|| aIT-CnALBAcIT-CnALBA aITALIANO aCIPRIANI SETTIMIO, MONS. 0aITINERARIO SPIRITUALE DEL VANGELO DI LUCA.  a1a ed. aNOCI (BARI)bLA SCALA, EDIZIONI c1987 [1° Ed.:1987 - Ed.Ling.Originale: 1987] a164 p. (prefazione: 57) aANNUNZIAZIONE A MARIA E A ZACCARIA. VISITA AD ELISABETTA. NASCITA DI GESÙ. FIGURA DEL BATTISTA. BATTESIMO E TENTAZIONI DI GESÙ. A NAZARET. DISCORSO DELLA PIANURA. GESÙ E LA PREGHIERA. MISSIONE DEI 72 DISCEPOLI.  aSocietà San Paolo EM - Piazza San Paolo, 14 - 12051 ALBA (CN) (non commercial uses only) ® Copyright 2017 aANNUNZIAZIONE A MARIA E A ZACCARIA. VISITA AD ELISABETTA. NASCITA DI GESÙ. FIGURA DEL BATTISTA. BATTESIMO E TENTAZIONI DI GESÙ. A NAZARET. DISCORSO DELLA PIANURA. GESÙ E LA PREGHIERA. MISSIONE DEI 72 DISCEPOLI.  aVANGELI E ATTI DEGLI APOSTOLI